LEADER 01115nam0-22003011i-450- 001 990000043190403321 035 $a000004319 035 $aFED01000004319 035 $a(Aleph)000004319FED01 035 $a000004319 100 $a20011111d--------km-y0itay50------ba 101 0 $aita 105 $ay-------001yy 200 1 $aManuale diagnostico terapeutico generalemedico-chirurgico$ecompilato a sistema moderno, contenente anche ladiagnosi e cura dei morbi compresi nelle branche speciali della medicina$eoculistica, dermo-sifilografia, ostetricia e ginecologia, otoiatria...$f2. ed. riveduta ed ampliata per cura di Crescenzo Conca. 205 $a2.ed. 210 $aNapoli$cStabilimento tipografico dell'unione$d1890 215 $aXV, 643 p.$cill.$d19 cm 610 0 $aMedicina$aManuali 676 $a610 700 1$aConca,$bCrescenzo$03189 801 0$aIT$bUNINA$gRICA$2UNIMARC 901 $aBK 912 $a990000043190403321 952 $a13 AR 13 B 01$b565$fFINBC 959 $aFINBC 996 $aManuale diagnostico terapeutico generalemedico-chirurgico$9112646 997 $aUNINA DB $aING01 LEADER 01875nas 2200565-a 450 001 996204054703316 005 20240413025433.0 035 $a(DE-599)ZDB2030188-1 035 $a(CKB)991042728079416 035 $a(CONSER)---07019288- 035 $a(EXLCZ)99991042728079416 100 $a19940927b19202012 -a- - 101 0 $ager 181 $ctxt$2rdacontent 200 10$aBundesblatt 210 $aBern $cBundeskanzlei$d1920- 215 $a1 online resource 300 $aTitle varies slightly. 300 $aTitle from cover. 300 $aVarious "Beilagen", both serial publications and special reports, are issued with the "Bundesblatt", and in the Library of Congress are usually bound and classified separately.$5DLC 311 08$aPrint version: Bundesblatt. 1420-2476 (DLC) 07019288 (OCoLC)31184810 517 1 $aBundesblatt der Schweizerischen Eidgenossenschaft 517 1 $aBBl 531 $aFEUILLE FéDéRALE 606 $aGazettes$zSwitzerland 606 $aGazettes$2fast$3(OCoLC)fst00939356 606 $alaw reports$2ilot 606 $alegislation$2ilot 606 $arecueil de jurisprudence$2tbit 606 $alégislation$2tbit 606 $arevista de tribunales$2toit 606 $alegislación$2toit 607 $aSwitzerland$2fast$1https://id.oclc.org/worldcat/entity/E39QbtfRmBCgpQrWH3VGcB88Pp 607 $aSwitzerland$2ilot 607 $aSuisse$2tbit 607 $aSuiza$2toit 615 0$aGazettes 615 7$aGazettes. 615 17$alaw reports. 615 17$alegislation. 615 17$arecueil de jurisprudence. 615 17$alégislation. 615 17$arevista de tribunales. 615 17$alegislación. 712 02$aSwitzerland.$bBundeskanzlei. 906 $aJOURNAL 912 $a996204054703316 920 $aexl_impl conversion 996 $aBundesblatt$92293561 997 $aUNISA